00422 2200157 4500001002100000008004100021035002000062245006500082260003300147300001500180020001800195084001700213082001100230650001000241990001300251INLIS000000000000020 ind  a0010-0921000020 aCenthini 3bPetualangan Panjang CebolangcGangsar R. Hayuaji aYogyakartabDiva Pressc2011 a437c20 cm a9786029785999 a808.83 GAN c a808.83 aFiksi aDI. 2147